[Event "Montevideo Duchamp Cup 1st"]
[Site "Montevideo"]
[Date "2017.02.11"]
[Round "3"]
[White "Cerrato, Fernando"]
[Black "Carraro, Denise"]
[Result "0-1"]
[WhiteElo "1837"]
[BlackElo "2105"]
[PlyCount "88"]
[EventDate "2017.02.09"]
[EventType "swiss"]
[EventRounds "9"]
[EventCountry "URU"]
[SourceTitle "CBM 176 Extra"]
[Source "ChessBase"]
[SourceDate "2017.03.02"]
[SourceVersion "1"]
[SourceVersionDate "2017.03.02"]
[SourceQuality "1"]

1. e4 e6 2. d4 d5 3. e5 c5 4. c3 Nc6 5. Nf3 Bd7 6. Bd3 cxd4 7. cxd4 Qb6 8. 0-0 Nxd4 9. Nbd2 Nxf3+ 10. Nxf3 Ne7 11. Be3 Qd8 12. Ng5 h6 13. Nh7 Nc6 14. Nxf8 Rxf8 15. Bc5 Nxe5 16. Bxf8 Kxf8 17. Bc2 Bb5 18. Re1 Qd6 19. Qh5 Nd3 20. Re3 Nf4 21. Qf3 Bc6 22. Qg4 h5 23. Qd1 d4 24. Be4 Rd8 25. Re2 Bxe4 26. Rxe4 f5 27. Re1 Qd5 28. f3 d3 29. Qd2 Qd4+ 30. Kh1 e5 31. Rad1 Kf7 32. Re3 Rc8 33. Qe1 Qxb2 34. Rd2 Rc2 35. Rexd3 Rc1 36. Rd7+ Kg6 37. R7d6+ Kh7 38. Qxc1 Qxc1+ 39. Rd1 Qe3 40. R6d2 e4 41. fxe4 fxe4 42. h3 Qg3 43. Rf1 e3 44. Rb2 e2 0-1

[Event "Montevideo Duchamp Cup 1st"]
[Site "Montevideo"]
[Date "2017.02.11"]
[Round "4"]
[White "Milan, Julio"]
[Black "Cerrato, Fernando"]
[Result "0-1"]
[WhiteElo "1633"]
[BlackElo "1837"]
[PlyCount "74"]
[EventDate "2017.02.09"]
[EventType "swiss"]
[EventRounds "9"]
[EventCountry "URU"]
[SourceTitle "CBM 176 Extra"]
[Source "ChessBase"]
[SourceDate "2017.03.02"]
[SourceVersion "1"]
[SourceVersionDate "2017.03.02"]
[SourceQuality "1"]

1. e4 e5 2. Bc4 Nc6 3. Nf3 Nf6 4. d3 Bc5 5. c3 0-0 6. b4 Be7 7. Nbd2 d5 8. Bb3 dxe4 9. dxe4 Qd3 10. Qc2 Qa6 11. Nc4 Be6 12. Qe2 b5 13. Ncd2 Bg4 14. 0-0 Qb7 15. Qe3 Rad8 16. a4 bxa4 17. Rxa4 a5 18. Ba3 axb4 19. cxb4 Bxf3 20. Nxf3 Nxb4 21. Rb1 c5 22. Bxb4 Ng4 23. Qe2 cxb4 24. h3 Nf6 25. Nxe5 Qc7 26. Nc4 Bc5 27. Kh1 Rd4 28. f3 Qg3 29. Ra5 Qc7 30. Rba1 Nh5 31. Rxc5 Qxc5 32. Kh2 Rxc4 33. Bxc4 Qe5+ 34. Kg1 Qxa1+ 35. Kf2 Qd4+ 36. Ke1 Rc8 37. Bd3 Nf4 0-1